000 00778cab a2200241 4500
001 ABS60047
008 090401t1999 xxu||||| |||| 00| 0 eng d
035 _a(Sirsi) u90733
041 _aeng
245 _aFarm assurance schemes
260 _c1999
350 _a0
490 _aFarm Law
_v(39) January 1999, 8-14(7)
520 _aA discussion of Farm Assurance Schemes, established by the National Farmers` Union, which are intended to give the consumer assurance that the regimes under which food is grown are as safe and healthy as they can be.
650 _aAGRICULTURE
650 _aFARM ASSURANCE SCHEMES
650 _aFARMING
650 _aFOOD SAFETY
650 _aNATIONAL FARMERS UNION
690 _aRURAL PRACTICE
942 _n0
948 _c15/01/1999
999 _c57535
_d57535